| 000 | 00423cam a22001217a 4500 | ||
|---|---|---|---|
| 008 | 180718b1958 xxu||||| |||| 00| 0 eng d | ||
| 082 | _aD89x5411 As72 | ||
| 100 | _aSharma, S.C. | ||
| 245 |
_aStatistical survey of displaced persons from East Pakistan in Assam, 1955-56: report _cby S.C. Sharma |
||
| 260 |
_aShillong _bAssam Government _c1958 |
||
| 300 | _a2 Phases | ||
| 500 | _aContents: First Phase. 128p;Second Phase. 236p. | ||
| 999 |
_c395785 _d395785 |
||